000 nam a22 a 4500
999 _c168689
_d168689
003 BLK
005 20211028142726.0
008 180411b bul|||||r ||||||| ||bul||
010 _aKNG00176612000
040 _aBLK
041 _aBUL
_cBUL
080 _aРуска литература
_b821.161.1
_x-93-31
_z821.161.1-93-31
100 1 _aКатаев, Валентин Петрович
_eпърви автор
_9380073
139 _aКатаев, Валентин Петрович
_bК 46
245 1 0 _aЧифлик в степта
_bРоман : За средна и горна училищна възраст
_cВалентин Петрович Катаев; прев. от рус. Яню Гочев Стоевски.
257 _aSUN
260 _bНар. младеж
_c1957
_aСофия
300 _a328 с.
_c20 см
380 _aX
500 _aОриг. загл. Хуторок в степи. - 15 000 тир.
700 1 _aСтоевски, Яню Гочев
_eпрев. от рус.
_9378537
852 _aЦб 5077
_bО
942 _cKNG
_n0
_s1
944 _aCR
_c13.06.2015
_kКети_Илиева
944 _aED
_c13.06.2015
_kКети_Илиева
944 _aED
_c2021-10-28
_kВК
999 _d168689